000
00242 a2200097 4500
001
54758
100
_a
Samra Bokhari
245
_a
Dahle chand dil ke paar
260
_a
Karachi
_b
Khawateen Digest Karachi
_c
2005
090
_c
33966
_d
33966
942
_a
NUST-CAE
_c
MONOGRAPH
_c
26631
999
_c
289831
_d
289831